[Event "Goiania Xeque Mate U2200 2nd"]
[Site "Goiania"]
[Date "2018.07.28"]
[Round "2.2"]
[White "De Souza Sa, Apolo"]
[Black "Gisclan, Heverton"]
[Result "1-0"]
[WhiteElo "1943"]
[BlackElo "2134"]
[PlyCount "57"]
[EventDate "2018.07.28"]
[EventType "swiss"]
[EventRounds "5"]
[EventCountry "BRA"]
[SourceTitle "EXT 2022"]
[Source "ChessBase"]
[SourceDate "2021.10.06"]
[SourceVersion "1"]
[SourceVersionDate "2021.10.06"]
[SourceQuality "1"]

1. e4 e6 2. d3 d5 3. Nc3 Nf6 4. Qe2 Be7 5. g3 0-0 6. Bg2 Nc6 7. Nf3 dxe4 8. dxe4 e5 9. 0-0 Bg4 10. Qb5 Bxf3 11. Bxf3 Nd4 12. Qd3 Nxf3+ 13. Qxf3 c6 14. Qf5 Qc7 15. Be3 Bb4 16. Nd1 Rfe8 17. a3 Ba5 18. c4 Qd7 19. Qxd7 Nxd7 20. Rc1 Nf6 21. f3 Red8 22. Rc2 Rd3 23. Kf2 Nd7 24. Ke2 Rb3 25. Nf2 Nb6 26. Nd3 Na4 27. Nxe5 Rd8 28. Bc1 f6 29. Ng4 1-0

[Event "BRA-ch sf1"]
[Site "Brasilia"]
[Date "2018.06.17"]
[Round "4.1"]
[White "Maciel, Diogo Alves"]
[Black "Gisclan, Heverton"]
[Result "1/2-1/2"]
[WhiteElo "1963"]
[BlackElo "2151"]
[PlyCount "31"]
[EventDate "2018.06.15"]
[EventType "swiss"]
[EventRounds "5"]
[EventCountry "BRA"]
[SourceTitle "EXT 2022"]
[Source "ChessBase"]
[SourceDate "2021.10.06"]
[SourceVersion "1"]
[SourceVersionDate "2021.10.06"]
[SourceQuality "1"]

1. e4 e6 2. d3 g6 3. Nf3 Bg7 4. c3 d5 5. Nbd2 Ne7 6. Be2 0-0 7. 0-0 b6 8. Qc2 Ba6 9. Re1 Nd7 10. Nf1 c5 11. Qa4 Bb7 12. Ng3 Bc6 13. Qc2 Qc7 14. d4 Qb7 15. e5 f6 16. exf6 1/2-1/2

[Event "Florianopolis zt 2.4"]
[Site "Florianopolis"]
[Date "2017.04.30"]
[Round "7"]
[White "Gisclan, Heverton"]
[Black "Umetsubo, Cesar Hidemitsu"]
[Result "1/2-1/2"]
[WhiteElo "2153"]
[BlackElo "2392"]
[PlyCount "105"]
[EventDate "2017.04.26"]
[EventType "swiss"]
[EventRounds "9"]
[EventCountry "BRA"]
[SourceTitle "CBM 178 Extra"]
[Source "ChessBase"]
[SourceDate "2017.06.22"]
[SourceVersion "1"]
[SourceVersionDate "2017.06.22"]
[SourceQuality "1"]

1. e4 c5 2. Nc3 e6 3. Nf3 a6 4. d4 cxd4 5. Nxd4 Qc7 6. Bd3 Nf6 7. 0-0 d6 8. Bg5 Nbd7 9. Kh1 Be7 10. f4 b5 11. Qe2 Bb7 12. Rae1 h6 13. Bh4 g5 14. fxg5 hxg5 15. Bxg5 0-0-0 16. Nf3 Rdg8 17. Qd2 Qc5 18. b4 Qxb4 19. Nd5 Nxd5 20. Qxb4 Nxb4 21. Bxe7 Kc7 22. a3 Nc6 23. Bg5 f6 24. Bd2 Nc5 25. Bc3 e5 26. Nd2 Rh6 27. Nb3 Rgh8 28. h3 Nxb3 29. cxb3 Rxh3+ 30. gxh3 Rxh3+ 31. Kg2 Rxd3 32. Rf3 Rxf3 33. Kxf3 Ne7 34. Ke3 f5 35. exf5 Nxf5+ 36. Kf2 Bd5 37. Bxe5 Bxb3 38. Bf6 Kb6 39. Re4 Bc2 40. Re2 Bd3 41. Re8 Kc6 42. Ra8 Kb7 43. Re8 Kb6 44. Rb8+ Kc7 45. Ra8 Kb7 46. Re8 a5 47. Bc3 a4 48. Rf8 Kc6 49. Rxf5 Bxf5 50. Ke3 Kd5 51. Kd2 Kc4 52. Bb4 d5 53. Bf8 1/2-1/2

[Event "Florianopolis zt 2.4"]
[Site "Florianopolis"]
[Date "2017.04.29"]
[Round "6"]
[White "Serafim Junior, Arnor"]
[Black "Gisclan, Heverton"]
[Result "0-1"]
[WhiteElo "1855"]
[BlackElo "2153"]
[PlyCount "60"]
[EventDate "2017.04.26"]
[EventType "swiss"]
[EventRounds "9"]
[EventCountry "BRA"]
[SourceTitle "CBM 178 Extra"]
[Source "ChessBase"]
[SourceDate "2017.06.22"]
[SourceVersion "1"]
[SourceVersionDate "2017.06.22"]
[SourceQuality "1"]

1. Nf3 Nf6 2. g3 g6 3. Bg2 Bg7 4. 0-0 0-0 5. c4 d6 6. Nc3 Nc6 7. d3 e5 8. Rb1 a5 9. a3 h6 10. b4 axb4 11. axb4 Be6 12. b5 Ne7 13. Bb2 Qd7 14. Re1 Bh3 15. Bh1 Ng4 16. e3 f5 17. Qb3 Rf7 18. Nd2 c6 19. Ne2 g5 20. Ra1 Raf8 21. Ra7 f4 22. exf4 gxf4 23. bxc6 fxg3 24. Nxg3 Nxc6 25. Bd5 Nxa7 26. Nde4 Kh8 27. Bxf7 Qxf7 28. d4 Nc6 29. Ne2 Nxf2 30. N2g3 Nxe4 0-1

[Event "Florianopolis zt 2.4"]
[Site "Florianopolis"]
[Date "2017.04.27"]
[Round "2"]
[White "Proudian, Armen"]
[Black "Gisclan, Heverton"]
[Result "1-0"]
[WhiteElo "2437"]
[BlackElo "2153"]
[PlyCount "80"]
[EventDate "2017.04.26"]
[EventType "swiss"]
[EventRounds "9"]
[EventCountry "BRA"]
[SourceTitle "CBM 178 Extra"]
[Source "ChessBase"]
[SourceDate "2017.06.22"]
[SourceVersion "1"]
[SourceVersionDate "2017.06.22"]
[SourceQuality "1"]

1. e4 e6 2. d4 d5 3. Nd2 Nf6 4. e5 Nfd7 5. Bd3 b6 6. f4 Ba6 7. Qe2 Bxd3 8. Qxd3 c5 9. Ne2 Nc6 10. c3 cxd4 11. Nxd4 Nxd4 12. cxd4 Qh4+ 13. g3 Qh3 14. Nf3 Be7 15. Bd2 0-0 16. 0-0-0 Rfc8+ 17. Kb1 Qf5 18. Qxf5 exf5 19. Rc1 Kf8 20. Ne1 Rxc1+ 21. Bxc1 Bd8 22. Nc2 Ke7 23. Ne3 Ke6 24. g4 g6 25. gxf5+ gxf5 26. Rg1 Bh4 27. Rg2 Rc8 28. Bd2 Be7 29. Rg3 Nf8 30. Rh3 Ng6 31. Rxh7 Rg8 32. Kc2 Nxf4 33. Nxf5 Rc8+ 34. Kb1 Ne2 35. Ng7+ Kd7 36. Be3 Rc4 37. Nf5 Ke6 38. Nxe7 Kxe7 39. Rh4 b5 40. Rg4 a5 1-0

[Event "Brasilia CBX/FBX"]
[Site "Brasilia"]
[Date "2016.10.28"]
[Round "3"]
[White "Nascimento, Davi da Silva"]
[Black "Gisclan, Heverton"]
[Result "1/2-1/2"]
[WhiteElo "2117"]
[BlackElo "2205"]
[PlyCount "90"]
[EventDate "2016.10.26"]
[EventType "tourn"]
[EventRounds "9"]
[EventCountry "BRA"]
[EventCategory "2"]
[SourceTitle "CBM 175 Extra"]
[Source "ChessBase"]
[SourceDate "2016.12.12"]
[SourceVersion "1"]
[SourceVersionDate "2016.12.12"]
[SourceQuality "1"]

1. d4 e6 2. Nf3 d5 3. g3 Nf6 4. Bg2 c5 5. c3 cxd4 6. cxd4 Bb4+ 7. Nbd2 0-0 8. 0-0 Nc6 9. a3 Be7 10. b4 b6 11. Rb1 Bb7 12. Re1 Rc8 13. e3 Qc7 14. Bf1 Rfd8 15. Bb2 Bd6 16. Rc1 Qe7 17. Qb3 Rc7 18. Ne5 Rdc8 19. Nxc6 Rxc6 20. Rxc6 Bxc6 21. b5 Be8 22. Be2 Qc7 23. Rc1 Qb8 24. f4 Rxc1+ 25. Bxc1 Qc7 26. Bb2 Bd7 27. a4 h6 28. Qc3 Qxc3 29. Bxc3 Ne4 30. Nxe4 dxe4 31. Bd1 Bc8 32. a5 Bb7 33. Bb3 g5 34. fxg5 hxg5 35. Kg2 Kh7 36. a6 Bd5 37. Bxd5 exd5 38. g4 Kg6 39. Be1 f6 40. h3 Kf7 41. h4 Kg6 42. Kh3 Kh6 43. Bf2 Kg6 44. Bg1 Kh6 45. Bf2 Kg6 1/2-1/2

[Event "Goiania op"]
[Site "Goiania"]
[Date "2016.05.15"]
[Round "5"]
[White "Rodi, Luis Ernesto"]
[Black "Gisclan, Heverton"]
[Result "1-0"]
[WhiteElo "2331"]
[BlackElo "2189"]
[PlyCount "149"]
[EventDate "2016.05.13"]
[EventType "swiss"]
[EventRounds "6"]
[EventCountry "BRA"]
[SourceTitle "CBM 172 Extra"]
[Source "ChessBase"]
[SourceDate "2016.06.21"]
[SourceVersion "1"]
[SourceVersionDate "2016.06.21"]
[SourceQuality "1"]

1. e4 e5 2. Nf3 Nc6 3. Bb5 a6 4. Bxc6 dxc6 5. 0-0 f6 6. d4 exd4 7. Nxd4 c5 8. Nb3 Qxd1 9. Rxd1 Bd7 10. Nc3 0-0-0 11. Be3 b6 12. Rd2 Re8 13. Rad1 Bc6 14. Bf4 Ne7 15. Nd5 Bxd5 16. exd5 Ng6 17. d6 Bxd6 18. Bxd6 cxd6 19. Rxd6 Rd8 20. g3 Rxd6 21. Rxd6 Kc7 22. Rd1 Ne5 23. Nc1 Re8 24. Kf1 Nf3 25. h4 c4 26. a4 Kc6 27. Na2 Kc5 28. Nc3 Re5 29. Rd7 g5 30. hxg5 fxg5 31. Rc7+ Kb4 32. Rxh7 Re1+ 33. Kg2 g4 34. Rh1 Re5 35. Rc1 a5 36. Rd1 Ne1+ 37. Kf1 Nxc2 38. Rd6 Re1+ 39. Kg2 Kb3 40. Rxb6+ Nb4 41. Nd5 Kxa4 42. Ne3 Kb3 43. Rb5 Ra1 44. Rc5 Nd3 45. Rb5+ Ka4 46. Rd5 Ne1+ 47. Kf1 Nf3+ 48. Nd1 Kb3 49. Ke2 Kc2 50. Ne3+ Kxb2 51. Nxg4 Ng1+ 52. Ke3 c3 53. Rb5+ Kc2 54. f4 a4 55. Kf2 Nh3+ 56. Kg2 a3 57. Ra5 a2 58. Ne3+ Kd3 59. Kf3 Ng1+ 60. Kf2 Nh3+ 61. Kf3 Ng1+ 62. Kf2 Nh3+ 63. Kf3 Ng1+ 64. Kf2 Ne2 65. f5 Nxg3 66. f6 Ne4+ 67. Kf3 Ng5+ 68. Kf4 Ne6+ 69. Kf3 Nd4+ 70. Kf2 Ne6 71. f7 c2 72. Ra3+ Kd2 73. Nc4+ Kc1 74. Ra6 Nf8 75. Ra8 1-0

[Event "Goiania op"]
[Site "Goiania"]
[Date "2016.05.14"]
[Round "3"]
[White "Gisclan, Heverton"]
[Black "Dornelles, Marcio Neron Camarg"]
[Result "1-0"]
[WhiteElo "2189"]
[BlackElo "1983"]
[PlyCount "87"]
[EventDate "2016.05.13"]
[EventType "swiss"]
[EventRounds "6"]
[EventCountry "BRA"]
[SourceTitle "CBM 172 Extra"]
[Source "ChessBase"]
[SourceDate "2016.06.21"]
[SourceVersion "1"]
[SourceVersionDate "2016.06.21"]
[SourceQuality "1"]

1. e4 c5 2. b3 Nf6 3. e5 Nd5 4. c4 Nb4 5. a3 N4c6 6. Bb2 d6 7. exd6 e5 8. g3 Bxd6 9. Bg2 Nd4 10. Nc3 Nbc6 11. Nge2 Bg4 12. h3 Bf3 13. 0-0 0-0 14. Bxf3 Nxf3+ 15. Kg2 Ncd4 16. Nxd4 Nxd4 17. Nd5 Qg5 18. Bxd4 exd4 19. f4 Qf5 20. Qb1 Qxb1 21. Raxb1 Rae8 22. Rbe1 Re6 23. f5 Rxe1 24. Rxe1 Rb8 25. b4 b6 26. b5 Kf8 27. Kf3 Re8 28. Ra1 d3 29. a4 Re2 30. a5 bxa5 31. Rxa5 Bb8 32. Ra2 Ke8 33. Nc3 Re7 34. Ne4 Re5 35. g4 h5 36. Ke3 hxg4 37. hxg4 Re7 38. Kxd3 Rd7+ 39. Ke2 Be5 40. Ra6 Bd4 41. Rc6 Re7 42. Kf3 g6 43. Nxc5 Re5 44. Nd3 1-0

[Event "Goiania op"]
[Site "Goiania"]
[Date "2016.05.14"]
[Round "4"]
[White "Gisclan, Heverton"]
[Black "Garcia, Gabriel Gonzaga"]
[Result "1-0"]
[WhiteElo "2189"]
[BlackElo "2152"]
[PlyCount "79"]
[EventDate "2016.05.13"]
[EventType "swiss"]
[EventRounds "6"]
[EventCountry "BRA"]
[SourceTitle "CBM 172 Extra"]
[Source "ChessBase"]
[SourceDate "2016.06.21"]
[SourceVersion "1"]
[SourceVersionDate "2016.06.21"]
[SourceQuality "1"]

1. f4 Nf6 2. Nf3 g6 3. g3 Bg7 4. Bg2 d6 5. Nc3 Nc6 6. e4 e5 7. d3 Be6 8. Be3 d5 9. fxe5 Ng4 10. Bg5 Qd7 11. d4 h6 12. Bc1 0-0-0 13. exd5 Bxd5 14. h3 h5 15. Nxd5 Qxd5 16. 0-0 Nh6 17. c3 Nf5 18. Nh4 Qe6 19. Nxf5 gxf5 20. Qf3 Qc4 21. Qxf5+ Rd7 22. Bg5 Bh6 23. Bxh6 Rxh6 24. d5 Nd8 25. Kh2 h4 26. g4 Rb6 27. Rf2 Qc5 28. Re1 Qe7 29. c4 c6 30. b3 Kb8 31. Qf6 Qb4 32. Ree2 cxd5 33. Qf5 Rc7 34. cxd5 Rc1 35. Qg5 Rc8 36. Qxh4 Rg6 37. Qg3 Rc3 38. Qf4 Qf8 39. e6+ Ka8 40. e7 1-0

[Event "Brasilia Terraviva op"]
[Site "Brasilia"]
[Date "2016.04.23"]
[Round "4"]
[White "Gisclan, Heverton"]
[Black "Chang, Suzana"]
[Result "0-1"]
[WhiteElo "2228"]
[BlackElo "2087"]
[PlyCount "82"]
[EventDate "2016.04.21"]
[EventType "swiss"]
[EventRounds "7"]
[EventCountry "BRA"]
[SourceTitle "CBM 172 Extra"]
[Source "ChessBase"]
[SourceDate "2016.06.21"]
[SourceVersion "1"]
[SourceVersionDate "2016.06.21"]
[SourceQuality "1"]

1. e4 c5 2. b3 Nf6 3. e5 Nd5 4. c4 Nb6 5. Bb2 d5 6. exd6 Qxd6 7. Nc3 e5 8. Qe2 Nc6 9. 0-0-0 Be6 10. Nb5 Qb8 11. f4 a6 12. Nc3 Be7 13. fxe5 Qxe5 14. Nf3 Qxe2 15. Nxe2 0-0 16. d4 cxd4 17. Nexd4 Nxd4 18. Nxd4 Bg5+ 19. Kc2 Bg4 20. Be2 Bxe2 21. Nxe2 Rfe8 22. Ng3 Bf4 23. Bd4 Nc8 24. Rhe1 Ne7 25. Ne4 Nf5 26. Bg1 Be3 27. g4 Bxg1 28. gxf5 Bxh2 29. Rd7 Re5 30. Rxb7 Rae8 31. Kd3 Rd8+ 32. Kc2 Rde8 33. Re2 Bf4 34. Rd7 Kf8 35. Kd3 h5 36. f6 gxf6 37. c5 f5 38. Nc3 Rxc5 39. Rxe8+ Kxe8 40. Ra7 Be5 41. Ne2 a5 0-1

[Event "Brasilia Terraviva op"]
[Site "Brasilia"]
[Date "2016.04.21"]
[Round "2"]
[White "Gisclan, Heverton"]
[Black "Oliveira, Gabriel Da Silva"]
[Result "1-0"]
[WhiteElo "2228"]
[BlackElo "1800"]
[PlyCount "75"]
[EventDate "2016.04.21"]
[EventType "swiss"]
[EventRounds "7"]
[EventCountry "BRA"]
[SourceTitle "CBM 172 Extra"]
[Source "ChessBase"]
[SourceDate "2016.06.21"]
[SourceVersion "1"]
[SourceVersionDate "2016.06.21"]
[SourceQuality "1"]

1. e4 e6 2. d4 d5 3. Nc3 Bb4 4. e5 c5 5. a3 Ba5 6. Qg4 g6 7. b4 cxb4 8. Nb5 b3+ 9. c3 Bc7 10. Qd1 Bd7 11. Qxb3 a6 12. Bg5 Qc8 13. Nxc7+ Qxc7 14. Bd3 Nc6 15. Ne2 Rc8 16. 0-0 Na5 17. Qb4 h6 18. Bh4 g5 19. Bg3 Ne7 20. f4 g4 21. f5 Nec6 22. Qb1 h5 23. fxe6 Bxe6 24. Bf5 Ne7 25. Bxe6 fxe6 26. Bh4 Nac6 27. Nf4 Kd7 28. Nd3 b6 29. Nb4 a5 30. Nxc6 Kxc6 31. Rf7 Rce8 32. a4 Kb7 33. Qb5 Rhf8 34. Raf1 Rxf7 35. Rxf7 Qd8 36. Qxe8 Qxe8 37. Rxe7+ Qxe7 38. Bxe7 1-0

[Event "Brasilia Terraviva op"]
[Site "Brasilia"]
[Date "2014.09.21"]
[Round "6"]
[White "Gisclan, Heverton"]
[Black "Mekhitarian, Krikor Sevag"]
[Result "0-1"]
[WhiteElo "2234"]
[BlackElo "2568"]
[PlyCount "122"]
[EventDate "2014.09.19"]
[EventType "swiss"]
[EventRounds "6"]
[EventCountry "BRA"]
[SourceTitle "CBM 162 Extra"]
[Source "ChessBase"]
[SourceDate "2014.10.17"]
[SourceVersion "1"]
[SourceVersionDate "2014.10.17"]
[SourceQuality "1"]

1. d4 Nf6 2. c4 g6 3. Nc3 d5 4. cxd5 Nxd5 5. e4 Nxc3 6. bxc3 Bg7 7. Bc4 c5 8. Ne2 0-0 9. 0-0 Nc6 10. Be3 e6 11. e5 b6 12. Bd3 Bb7 13. Be4 Qc7 14. Ng3 Rad8 15. Qg4 Ne7 16. Bxb7 Qxb7 17. Bg5 cxd4 18. cxd4 h6 19. Bxe7 Qxe7 20. Qe4 Qa3 21. Qe3 Qb2 22. Ne2 Rd7 23. Rfb1 Qc2 24. a4 Qc4 25. Rc1 Qd5 26. a5 Rfd8 27. axb6 axb6 28. Rab1 b5 29. Qb3 Qxb3 30. Rxb3 Bxe5 31. Rxb5 Bxd4 32. Nxd4 Rxd4 33. g3 g5 34. Rbc5 Kg7 35. R5c4 Kg6 36. Kg2 h5 37. Rc8 Rxc8 38. Rxc8 h4 39. Rg8+ Kf5 40. Ra8 e5 41. Ra5 f6 42. Ra6 Rd2 43. h3 hxg3 44. Kxg3 Rd3+ 45. Kg2 e4 46. Rb6 Ke5 47. Ra6 f5 48. Ra5+ Kf4 49. Ra8 Rd4 50. Re8 Rd2 51. Re7 Re2 52. Ra7 e3 53. Ra4+ Ke5 54. Ra5+ Kf6 55. Ra6+ Kg7 56. Kf3 Rxf2+ 57. Kxe3 Rb2 58. Kd4 Rb3 59. Ke5 Rf3 60. Ra7+ Kg6 61. Ra6+ Kh5 0-1

[Event "Brasilia Terraviva op"]
[Site "Brasilia"]
[Date "2014.09.20"]
[Round "3"]
[White "Pompeo, Flavio Sposto"]
[Black "Gisclan, Heverton"]
[Result "0-1"]
[WhiteElo "2133"]
[BlackElo "2234"]
[PlyCount "101"]
[EventDate "2014.09.19"]
[EventType "swiss"]
[EventRounds "6"]
[EventCountry "BRA"]
[SourceTitle "CBM 162 Extra"]
[Source "ChessBase"]
[SourceDate "2014.10.17"]
[SourceVersion "1"]
[SourceVersionDate "2014.10.17"]
[SourceQuality "1"]

1. d4 d5 2. Bg5 h6 3. Bh4 Nd7 4. Nf3 Ngf6 5. e3 e6 6. Nbd2 Be7 7. Bd3 0-0 8. Qe2 b6 9. Ne5 Nxe5 10. dxe5 Nd7 11. Bg3 f6 12. exf6 Bxf6 13. c3 Nc5 14. Bc2 Ba6 15. Qg4 Bd3 16. 0-0-0 Bxc2 17. Kxc2 Qe8 18. h4 h5 19. Qe2 Qg6+ 20. e4 dxe4 21. Qe3 Rad8 22. Nb3 Rd3 23. Rxd3 exd3+ 24. Kc1 d2+ 25. Nxd2 Rd8 26. Rf1 Nd3+ 27. Kc2 Nb4+ 28. Kb3 Qc2+ 29. Kxb4 Rxd2 30. Qxe6+ Kh7 31. Kb5 Qd3+ 32. Kc6 Qxf1 33. Qf5+ Kg8 34. Qe6+ Kf8 35. Kxc7 Bd8+ 36. Kb8 Qd3 37. Be5 Qd7 38. Qg6 Bf6 39. Bxf6 Qd6+ 40. Kxa7 Qxf6 41. Qxf6+ gxf6 42. b4 b5 43. Kb6 Rxf2 44. Kxb5 Rxa2 45. c4 Rxg2 46. c5 Rc2 47. Kb6 f5 48. b5 f4 49. c6 f3 50. Kb7 f2 51. c7 0-1

[Event "Brasilia Terraviva op"]
[Site "Brasilia"]
[Date "2014.09.19"]
[Round "1"]
[White "Brito, Paulo Roberto Ferr"]
[Black "Gisclan, Heverton"]
[Result "0-1"]
[WhiteElo "1684"]
[BlackElo "2234"]
[PlyCount "66"]
[EventDate "2014.09.19"]
[EventType "swiss"]
[EventRounds "6"]
[EventCountry "BRA"]
[SourceTitle "CBM 162 Extra"]
[Source "ChessBase"]
[SourceDate "2014.10.17"]
[SourceVersion "1"]
[SourceVersionDate "2014.10.17"]
[SourceQuality "1"]

1. d4 d5 2. e3 Nf6 3. Bd3 g6 4. Nd2 Bg7 5. f4 b6 6. Ngf3 Bb7 7. Ne5 0-0 8. Qf3 c5 9. c3 Na6 10. 0-0 Nc7 11. Bc2 Nce8 12. Re1 Nd6 13. Ng4 Nfe4 14. Nf2 f5 15. Nd3 Rc8 16. Ne5 b5 17. Nxe4 Nxe4 18. Bxe4 dxe4 19. Qe2 Bxe5 20. fxe5 cxd4 21. exd4 f4 22. Qg4 e3 23. a4 b4 24. Qe6+ Kh8 25. Qb3 Bd5 26. Qxb4 e6 27. Bxe3 fxe3 28. Rxe3 Qg5 29. Re2 Rf7 30. Rf1 Rxf1+ 31. Kxf1 Bc4 32. Qb7 Rf8+ 33. Ke1 Qc1# 0-1

[Event "BRA-ch sf"]
[Site "Brasilia"]
[Date "2011.11.02"]
[Round "8"]
[White "Gisclan, Heverton"]
[Black "Saenko, Gennady"]
[Result "1-0"]
[WhiteElo "2238"]
[BlackElo "1827"]
[PlyCount "105"]
[EventDate "2011.10.29"]
[EventType "swiss"]
[EventRounds "8"]
[EventCountry "BRA"]
[SourceTitle "EXT 2012"]
[Source "ChessBase"]
[SourceDate "2011.11.24"]
[SourceVersion "1"]
[SourceVersionDate "2011.11.24"]
[SourceQuality "1"]

1. e4 c5 2. Nc3 Nc6 3. Nf3 d6 4. d4 cxd4 5. Nxd4 Nf6 6. Bg5 Qb6 7. Nb3 Bd7 8. Qd2 h6 9. Be3 Qd8 10. f3 g6 11. 0-0-0 Bg7 12. g4 Ne5 13. Nd4 a6 14. h4 Rc8 15. Rg1 Nc4 16. Bxc4 Rxc4 17. g5 hxg5 18. hxg5 Nh5 19. f4 Qa5 20. Kb1 Qb4 21. a3 Qa5 22. Nb3 Bxc3 23. Nxa5 Bxd2 24. Nxc4 Bxe3 25. Nxe3 Nxf4 26. Nd5 Nh3 27. Rg3 Rh5 28. Rh1 Kf8 29. b4 Nf2 30. Rxh5 gxh5 31. g6 Bg4 32. Nxe7 Nxe4 33. Re3 Nd2+ 34. Kc1 Nc4 35. Re4 Ne5 36. Rf4 Kg7 37. gxf7 Nxf7 38. Nd5 Bd7 39. Nf6 Bg4 40. Nxg4 hxg4 41. Rxg4+ Kf6 42. Kb2 Ne5 43. Rh4 Ke6 44. Rh7 Nd7 45. c4 b6 46. Kc3 b5 47. Rh6+ Ke7 48. Rh8 Nb6 49. cxb5 axb5 50. Rh5 Kd7 51. Rxb5 Kc6 52. Rxb6+ Kxb6 53. Kd4 1-0

[Event "BRA-ch sf"]
[Site "Brasilia"]
[Date "2011.10.30"]
[Round "3"]
[White "El Debs, Felipe de Cresce"]
[Black "Gisclan, Heverton"]
[Result "1-0"]
[WhiteElo "2478"]
[BlackElo "2238"]
[PlyCount "47"]
[EventDate "2011.10.29"]
[EventType "swiss"]
[EventRounds "8"]
[EventCountry "BRA"]
[SourceTitle "EXT 2012"]
[Source "ChessBase"]
[SourceDate "2011.11.24"]
[SourceVersion "1"]
[SourceVersionDate "2011.11.24"]
[SourceQuality "1"]

1. Nf3 d5 2. d4 Nf6 3. c4 c6 4. Qb3 e6 5. g3 Bd6 6. Bg2 Nbd7 7. 0-0 0-0 8. Nfd2 Bc7 9. Nc3 dxc4 10. Nxc4 e5 11. Be3 Ng4 12. d5 Qf6 13. Rad1 Qg6 14. dxc6 bxc6 15. Qa4 Qh5 16. h3 Nxe3 17. Nxe3 Nb8 18. Bxc6 Nxc6 19. Qxc6 Bxh3 20. Qxc7 Bxf1 21. Nxf1 Rab8 22. Rd2 Rb6 23. Rd8 g6 24. Nd5 1-0

[Event "Continental Class-ch"]
[Site "Arlington"]
[Date "2011.10.08"]
[Round "4"]
[White "Gisclan, Heverton"]
[Black "Collier, Philip M"]
[Result "1-0"]
[WhiteElo "2238"]
[BlackElo "1968"]
[PlyCount "47"]
[EventDate "2011.10.06"]
[EventType "swiss"]
[EventRounds "9"]
[EventCountry "USA"]
[SourceTitle "CBM 144 Extra"]
[Source "ChessBase"]
[SourceDate "2011.10.28"]
[SourceVersion "1"]
[SourceVersionDate "2011.10.28"]
[SourceQuality "1"]

1. e4 c5 2. Nc3 Nc6 3. Nf3 e6 4. d4 cxd4 5. Nxd4 Nf6 6. Ndb5 Bb4 7. a3 Bxc3+ 8. Nxc3 d5 9. exd5 exd5 10. Bd3 d4 11. Ne2 0-0 12. 0-0 Bg4 13. f3 Bd7 14. Bg5 h6 15. Bh4 Qe7 16. Bf2 Qe5 17. Re1 Qd5 18. Qd2 Rad8 19. Rad1 Kh8 20. b4 b5 21. Nf4 Qd6 22. Bg3 Ne5 23. Rxe5 Qxe5 24. Ng6+ 1-0

[Event "Goiania op"]
[Site "Goiania"]
[Date "2011.09.18"]
[Round "6"]
[White "Matsuura, Everaldo"]
[Black "Gisclan, Heverton"]
[Result "1-0"]
[WhiteElo "2485"]
[BlackElo "2238"]
[PlyCount "53"]
[EventDate "2011.09.16"]
[EventType "swiss"]
[EventRounds "6"]
[EventCountry "BRA"]
[SourceTitle "EXT 2014"]
[Source "ChessBase"]
[SourceDate "2013.11.20"]
[SourceVersion "1"]
[SourceVersionDate "2013.11.20"]
[SourceQuality "1"]

1. e4 e5 2. Nf3 Nc6 3. Bb5 a6 4. Ba4 Nf6 5. 0-0 Be7 6. Re1 b5 7. Bb3 0-0 8. d3 d6 9. c3 Na5 10. Bc2 c5 11. Nbd2 Re8 12. Nf1 Bf8 13. Bg5 h6 14. Bh4 Bb7 15. Ne3 Nc6 16. Bb3 Na5 17. Bd5 g5 18. Bxb7 Nxb7 19. Nxg5 hxg5 20. Bxg5 Re6 21. Qf3 Be7 22. Nf5 Kf8 23. Nxe7 Qxe7 24. Qf5 Kg7 25. Re3 Rg8 26. Rf3 Na5 27. h4 1-0

[Event "Goiania op"]
[Site "Goiania"]
[Date "2011.09.17"]
[Round "3"]
[White "Ferreira, Claudio Jose"]
[Black "Gisclan, Heverton"]
[Result "0-1"]
[WhiteElo "1974"]
[BlackElo "2238"]
[PlyCount "72"]
[EventDate "2011.09.16"]
[EventType "swiss"]
[EventRounds "6"]
[EventCountry "BRA"]
[SourceTitle "EXT 2014"]
[Source "ChessBase"]
[SourceDate "2013.11.20"]
[SourceVersion "1"]
[SourceVersionDate "2013.11.20"]
[SourceQuality "1"]

1. d4 d5 2. Nf3 Nf6 3. c4 e6 4. g3 dxc4 5. Qa4+ Nbd7 6. Bg2 a6 7. Qxc4 b5 8. Qc2 Bb7 9. Nbd2 c5 10. dxc5 Bxc5 11. 0-0 Rc8 12. Qd3 0-0 13. Nb3 Be4 14. Qd1 Bc2 15. Qe1 Bb6 16. Bd2 e5 17. Bc3 Re8 18. Qd2 Be4 19. Rac1 Ba8 20. e3 Ne4 21. Qe1 Qf6 22. Nfd2 Ng5 23. Bxa8 Rxa8 24. Qe2 Qg6 25. h4 Ne6 26. Qf3 a5 27. Ne4 b4 28. h5 Qh6 29. Bd2 Ng5 30. Nxg5 Qxg5 31. e4 Qf6 32. Qg4 Qe6 33. Qxe6 Rxe6 34. Kg2 Rd6 35. Rfd1 Nf6 36. f3 Rad8 0-1

[Event "BRA-ch Center East"]
[Site "Brazil"]
[Date "2011.06.22"]
[Round "1"]
[White "Gisclan, Heverton"]
[Black "Martins, Vilker Germano"]
[Result "1-0"]
[WhiteElo "2253"]
[BlackElo "1881"]
[PlyCount "81"]
[EventDate "2011.06.22"]
[EventType "swiss"]
[EventRounds "7"]
[EventCountry "BRA"]
[SourceTitle "EXT 2013"]
[Source "ChessBase"]
[SourceDate "2012.11.22"]
[SourceVersion "1"]
[SourceVersionDate "2012.11.22"]
[SourceQuality "1"]

1. e4 e6 2. d4 c6 3. Nf3 Nf6 4. e5 Nd5 5. Bd3 d6 6. 0-0 Nd7 7. Re1 dxe5 8. dxe5 Bc5 9. Nbd2 Nb4 10. Bf1 Nb6 11. a3 Na6 12. c4 0-0 13. Qc2 h6 14. Ne4 Nd7 15. b4 Be7 16. Bb2 c5 17. b5 Nab8 18. Ng3 Qc7 19. Qe4 Rd8 20. Bd3 Nf8 21. Nh5 Nbd7 22. Re3 Ng6 23. Rae1 Ndf8 24. Nd2 Qb8 25. Rg3 b6 26. Qg4 Bb7 27. Ne4 Kh8 28. Nd6 Kg8 29. Nxb7 Qxb7 30. Be4 Qd7 31. Bxa8 Qd2 32. Bc3 Qc2 33. Be4 Qa2 34. Nf4 Qxc4 35. Bxg6 Nxg6 36. Nxg6 Qxg4 37. Nxe7+ Kf8 38. Rxg4 Kxe7 39. Rxg7 Rd3 40. Rg3 Rd5 41. Kf1 1-0

[Event "Sao Paulo Braga op"]
[Site "Sao Paulo"]
[Date "2011.04.22"]
[Round "5"]
[White "Gisclan, Heverton"]
[Black "Rodrigo da Silva, Edson"]
[Result "1-0"]
[WhiteElo "2255"]
[BlackElo "1982"]
[PlyCount "139"]
[EventDate "2011.04.20"]
[EventType "swiss"]
[EventRounds "9"]
[EventCountry "BRA"]
[SourceTitle "EXT 2022"]
[Source "ChessBase"]
[SourceDate "2021.10.06"]
[SourceVersion "1"]
[SourceVersionDate "2021.10.06"]
[SourceQuality "1"]

1. e4 e5 2. Nf3 Nc6 3. Bb5 a6 4. Ba4 Nf6 5. 0-0 Be7 6. Re1 b5 7. Bb3 0-0 8. c3 d5 9. exd5 Nxd5 10. Nxe5 Nxe5 11. Rxe5 c6 12. d4 Bd6 13. Re1 Qh4 14. g3 Qh3 15. Qe2 Bg4 16. Qf1 Qh5 17. Nd2 Rae8 18. f3 Rxe1 19. Qxe1 Bxf3 20. Nxf3 Qxf3 21. Bd2 Nf6 22. Qf1 Qxf1+ 23. Rxf1 Re8 24. Bg5 Be7 25. a4 h6 26. Bf4 Rd8 27. axb5 axb5 28. Ra1 c5 29. Ra7 Kf8 30. Bc7 Rd7 31. Ra8+ Ne8 32. Bb6 cxd4 33. Bxd4 Bf6 34. Bc5+ Be7 35. Bd4 Bf6 36. Bc5+ Be7 37. Be3 Bd6 38. Bd5 Rc7 39. Ra5 Bc5 40. Bxc5+ Rxc5 41. c4 Nf6 42. b4 Rc7 43. Rxb5 Nxd5 44. cxd5 Ke7 45. Kf2 Rc3 46. Rb7+ Kd6 47. Rxf7 Kxd5 48. Rxg7 Rc2+ 49. Kg1 Rb2 50. Rg4 Ke5 51. Rh4 Kf5 52. Kf1 Kg5 53. Ke1 h5 54. Kd1 Rf2 55. Kc1 Re2 56. b5 Re6 57. Rb4 Rb6 58. Kc2 Kf6 59. Kb3 h4 60. Ka4 hxg3 61. hxg3 Ke7 62. Ka5 Rg6 63. g4 Kd7 64. Rc4 Rg5 65. Ka6 Kd6 66. b6 Kd5 67. Rb4 Rg6 68. Ka5 Rg8 69. b7 Rb8 70. Ka6 1-0